000 00747nam a22002177a 4500
999 _c20071
_d20071
003 AR-CdUCM
008 190525b ||||| |||| 00| 0 spa d
040 _aMUNICIPALIDAD PROVINCIAL DEL CUSCO
_cBIBLIOTECA MUNICIPAL DEL CUSCO
082 _a329.1 /
_bC84
_22ed.
100 _aCox, Carlos Manuel
_941990
245 _aDinámica económica del aprismo /
260 _aLima :
_bAmauta,
_c1972.
300 _a284 páginas
_c21 cm.
500 _aIncluye referencias bibliográficas.
505 _aContenido: Congreso económico nacional -- Corporación financiera del Perú -- Capitales externos y deuda publica...
650 _aAprismo
_96880
650 _aEconomía
_9382
650 _aPerú
_935
942 _2ddc
_cLIBROS
945 _aJavier